|
|
|
|
| LEADER |
00000nam a2200000 a 4500 |
| 001 |
vtls001261454 |
| 003 |
SK-MaSNL |
| 005 |
20260301113003.0 |
| 008 |
240315s1985 xr 0 cze |
| 035 |
|
|
|a SNK000212322
|
| 040 |
|
|
|a SNK
|b slo
|c SNK
|e AACR2
|
| 041 |
0 |
|
|a cze
|
| 044 |
|
|
|a CZ
|
| 100 |
1 |
|
|a Belinskij, Jakov
|4 aut
|9 454529
|
| 245 |
0 |
|
|a Tržiště zázraků
|c Jakov Belinskij ; přel. Hana Vrbová ; il. Přemysl Rolčík
|
| 260 |
|
|
|a Praha
|b Lidové nakl.
|c 1985
|
| 300 |
|
|
|a 126, [2] s.
|c 8°
|
| 700 |
1 |
|
|a Vrbová, Hana,
|d 1929-1995
|4 trl
|9 122831
|
| 700 |
1 |
|
|a Rolčík, Přemysl
|4 ilu
|9 454530
|
| 958 |
|
|
|a RK
|
| 958 |
|
|
|a OND
|
| 999 |
|
|
|c 712192
|d 714122
|
| 952 |
|
|
|t P60, <04>, [BOOK], {604}
|a SNK
|b SNK
|y VYP
|7 0
|o snkID 81672
|i snkKIP 14084/84
|0 0
|1 0
|4 0
|d 1996-08-20
|l 0
|r 2005-01-01 00:00:00
|w 2026-02-23
|
| 952 |
|
|
|t P60, <04>, [BOOK], {604}
|a SNK
|b SNK
|y VYP
|7 0
|o snkID 81672 D1
|i snkKIP 14085/84
|0 0
|1 0
|4 0
|d 1996-08-20
|l 0
|r 2005-01-01 00:00:00
|w 2026-02-23
|